1206 1159 1227 1539 1586 1029 1322 1490 1977 1056 1576 1868 1580 1141 1826 1761 1727 1293 1442 1769 1039 1693 1562 1670 1746 1050 1998 1124 1636 1150 1382 1493 1831 1061 1618 1299 1629 1018 1175 1730 1414 1242 1697 1990 1633 1794 1050 1123 1073 1152 1015 1348 1444 1836 1053 1540 1345 1881 1148 1375 1009 1797 1456 1940 1105 1220 1544 1766 1934 1607 1167 1456 1929 1554 1205 1859 1098 1274 1575 1082 1305 1801 1871 1838 1168 1792 1592 1849 1583 1597 1332 1003 1111 1984 1490 1367 1369 1645 1735 BCNSPRNW ULIB Ver.6.0+V

เปลี่ยนเป็นภาษาไทย

Change to English
 แสดงรายละเอียดบรรณานุกรม
  กลับหน้าหลัก

Brief Record : Get Marc (ISO 2709) : E-mail record : QR code < ปิดหน้าต่าง
LEADER : 00000nam 2200000uu 4500
001    13399114656
003     ULIB
008    120427s2551||||th 000 0 tha d
020    ^a9789741664856
090    ^aนว.^bป445z 2551
100 0  ^aปราณธร
245 00 ^aZombie Prince...รักลวงใจ
250    ^aพิมพ์ครั้งที่ 2
260    ^aกรุงเทพฯ :^bแจ่มใส,^c2551
300    ^a345 หน้า
710 1  ^aแจ่มใส
945    ^p209^l0^i15317
995    ^aกัณชพร
999    ^aใช้งานได้ทุกระบบ
รายการนี้ยังไม่มีแท็ก
คุณยังไม่ได้ล็อกอิน คุณสามารถมีกิจกรรมร่วมกับเว็บไซต์ได้ แต่ต้องล็อกอินก่อน ::
  ล็อกอิน

รายการสื่อสารสนเทศ

ลำดับที่ ประเภท เลขเรียก/บาร์โค้ด สถานที่ สถานะ
1. นวนิยาย
นวนิยาย
นว. ป445z 2551  
  Barcode: 15317
ห้องสมุดวิทยาเขตสวรรค์ประชารักษ์
►นวนิยาย
บนชั้น
  ขอยืม

รายการใกล้เคียง
    ผู้แต่ง [ปราณธร]

BibComment


ยังไม่เคยถูกคอมเมนท์

คอมเมนท์ทรัพยากรรายการนี้
  คอมเมนท์: Zombie Princeรัก..


 Copyright 2026. Bcnsprnw @Library